Calcul mental - Mort subite - Statistiques

Statistiques générales
  • Ce quiz a été pris 390 fois
  • Le résultat moyen est 9 sur 13
Answers on the Grid
Answers color-coded by a green-red scale on the quiz's grid according to % correct below.
11 × 3 = 33
33 × 2 = 66
7 × 9 = 46
9² = 81
12 × 4 = 46
15² = 225
81 ÷ 9 = 7
7 × 8 = 56
64 ÷ 8 = 6
13 × 2 = 26
19 + 24 = 43
11 × 5 = 60
64 + 16 = 70
9 × 6 = 56
81 - 36 = 45
14 × 6 = 84
121 ÷ 11 = 11
23 × 4 = 92
49 - 17 = 32
15 × 3 = 45
 
Statistiques - réponses
Réponse % Correct
11 × 3 = 33
77%
13 × 2 = 26
77%
9² = 81
76%
15 × 3 = 45
74%
33 × 2 = 66
73%
7 × 8 = 56
73%
19 + 24 = 43
70%
49 - 17 = 32
69%
121 ÷ 11 = 11
67%
23 × 4 = 92
65%
81 - 36 = 45
61%
14 × 6 = 84
59%
15² = 225
56%
Aucun quiz correspondant
Distribution des résultats
% des personnes avec chaque résultat
Percentile par nombre de réponses
Votre historique - résultats
Vous n’avez pas pris ce quiz